[Event "DVM U10 2023"]
[Site "Magdeburg GER"]
[Date "2023.12.29"]
[Round "7"]
[White "Kukhtichev, Maksim"]
[Black "Fabritius, Wolf"]
[Result "1/2-1/2"]
[Termination "normal"]
[Board "4.1"]
[WhiteElo "1399"]
[BlackElo "1043"]
[WhiteClock "00:26:35"]
[BlackClock "00:26:34"]
[WhiteTeam "SK Bad Homburg 1927"]
[BlackTeam "SF Heidelberg"]
[PlyCount "71"]
[WhiteFideId "34638881"]
[BlackFideId "34632603"]
[EventCountry "GER"]
[EventRounds "7"]
[EventType "team-swiss"]
[EventDate "2023.12.27"]

1. e4 {[%clk 00:55:10]} e6 {[%clk 00:55:04]} {[%emt 00:00:06]} 2. d4 {[%clk
00:55:07]} {[%emt 00:00:07]} d5 {[%clk 00:55:01]} {[%emt 00:00:09]} 3. Bd3
{[%clk 00:55:08]} {[%emt 00:00:04]} dxe4 {[%clk 00:54:46]} {[%emt 00:00:20]} 4.
Bxe4 {[%clk 00:55:09]} {[%emt 00:00:05]} Nf6 {[%clk 00:54:27]} {[%emt
00:00:23]} 5. Bf3 {[%clk 00:55:03]} {[%emt 00:00:10]} Bd7 {[%clk 00:54:23]}
{[%emt 00:00:10]} 6. Ne2 {[%clk 00:54:53]} {[%emt 00:00:15]} Bc6 {[%clk
00:54:03]} {[%emt 00:00:25]} 7. Bxc6+ {[%clk 00:54:45]} {[%emt 00:00:13]} Nxc6
{[%emt 00:00:28]} 8. O-O {[%clk 00:54:37]} {[%emt 00:00:11]} Bd6 {[%clk
00:53:34]} {[%emt 00:00:13]} 9. Nbc3 {[%clk 00:54:27]} {[%emt 00:00:14]} Ne7
{[%clk 00:53:11]} {[%emt 00:00:28]} 10. Bf4 {[%clk 00:53:55]} {[%emt 00:00:38]}
c6 {[%clk 00:52:36]} {[%emt 00:00:40]} 11. Qd2 {[%clk 00:53:29]} {[%emt
00:00:31]} O-O {[%clk 00:51:55]} {[%emt 00:00:45]} 12. Rad1 {[%clk 00:52:42]}
{[%emt 00:00:53]} Qc7 {[%clk 00:51:33]} {[%emt 00:00:27]} 13. Bxd6 {[%clk
00:52:27]} {[%emt 00:00:20]} Qxd6 {[%clk 00:51:25]} {[%emt 00:00:14]} 14. Ng3
{[%clk 00:50:21]} {[%emt 00:02:09]} Rad8 {[%clk 00:49:46]} {[%emt 00:01:45]}
15. Nce4 {[%clk 00:49:21]} {[%emt 00:01:05]} Nxe4 {[%clk 00:48:55]} {[%emt
00:00:56]} 16. Nxe4 {[%clk 00:49:20]} {[%emt 00:00:06]} Qc7 {[%clk 00:47:48]}
{[%emt 00:01:12]} 17. Qg5 {[%clk 00:47:29]} {[%emt 00:01:52]} Ng6 {[%clk
00:46:31]} {[%emt 00:01:26]} 18. c4 {[%clk 00:44:44]} {[%emt 00:02:49]} h6
{[%clk 00:44:52]} {[%emt 00:01:44]} 19. Qg3 {[%clk 00:43:46]} {[%emt 00:01:01]}
Nf4 {[%clk 00:43:46]} {[%emt 00:01:14]} 20. Nc3 {[%clk 00:41:38]} {[%emt
00:02:13]} Qb8 {[%clk 00:41:57]} {[%emt 00:01:54]} 21. Kh1 {[%clk 00:40:23]}
{[%emt 00:01:19]} Rd7 {[%clk 00:38:12]} {[%emt 00:03:51]} 22. Rfe1 {[%clk
00:35:33]} {[%emt 00:04:55]} Ng6 {[%clk 00:36:37]} {[%emt 00:01:41]} 23. Qxb8
{[%clk 00:35:03]} {[%emt 00:00:35]} Rxb8 {[%clk 00:36:29]} {[%emt 00:00:12]}
24. d5 {[%clk 00:33:51]} {[%emt 00:01:17]} cxd5 {[%clk 00:35:17]} {[%emt
00:01:17]} 25. cxd5 {[%clk 00:33:45]} {[%emt 00:00:12]} exd5 {[%clk 00:35:07]}
{[%emt 00:00:15]} 26. Rxd5 {[%clk 00:33:18]} {[%emt 00:00:31]} Rxd5 {[%clk
00:34:00]} {[%emt 00:01:12]} 27. Nxd5 {[%clk 00:33:12]} {[%emt 00:00:11]} Rd8
{[%clk 00:33:13]} {[%emt 00:00:53]} 28. Rd1 {[%clk 00:32:03]} {[%emt 00:01:13]}
Kh8 {[%clk 00:32:17]} {[%emt 00:01:01]} 29. Ne3 {[%clk 00:31:23]} {[%emt
00:00:45]} Rxd1+ {[%clk 00:31:58]} {[%emt 00:00:23]} 30. Nxd1 {[%clk 00:31:23]}
{[%emt 00:00:06]} Ne5 {[%clk 00:31:34]} {[%emt 00:00:29]} 31. g3 {[%clk
00:30:55]} {[%emt 00:00:32]} g5 {[%clk 00:30:55]} {[%emt 00:00:45]} 32. Kg2
{[%clk 00:30:49]} {[%emt 00:00:11]} Kg7 {[%clk 00:30:36]} {[%emt 00:00:24]} 33.
b3 {[%clk 00:30:25]} {[%emt 00:00:29]} Nd3 {[%clk 00:30:11]} {[%emt 00:00:30]}
34. Nc3 {[%clk 00:29:52]} {[%emt 00:00:37]} a6 {[%clk 00:27:37]} {[%emt
00:02:40]} 35. Kf3 {[%clk 00:28:20]} {[%emt 00:01:36]} Ne5+ {[%clk 00:26:34]}
{[%emt 00:01:09]} 36. Ke2 {[%clk 00:26:35]} {[%emt 00:01:49]} 1/2-1/2

[Event "DVM U10 2023"]
[Site "Magdeburg GER"]
[Date "2023.12.29"]
[Round "7"]
[White "Graf, Tom"]
[Black "Pflugbeil, Julian"]
[Result "0-1"]
[Termination "normal"]
[Board "4.2"]
[WhiteElo "1095"]
[BlackElo "1284"]
[WhiteClock "00:30:37"]
[BlackClock "00:50:15"]
[WhiteTeam "SF Heidelberg"]
[BlackTeam "SK Bad Homburg 1927"]
[PlyCount "104"]
[WhiteFideId "34622420"]
[BlackFideId "34608850"]
[EventCountry "GER"]
[EventRounds "7"]
[EventType "team-swiss"]
[EventDate "2023.12.27"]

1. e4 {[%clk 00:55:08]} {[%emt 00:00:02]} d6 {[%clk 00:55:01]} {[%emt
00:00:09]} 2. d4 {[%clk 00:54:59]} {[%emt 00:00:14]} Nf6 {[%clk 00:55:02]}
{[%emt 00:00:04]} 3. Nc3 {[%clk 00:54:49]} {[%emt 00:00:15]} g6 {[%clk
00:55:04]} {[%emt 00:00:03]} 4. Bf4 {[%clk 00:54:33]} {[%emt 00:00:21]} Bg7
{[%clk 00:55:05]} {[%emt 00:00:04]} 5. Nf3 {[%clk 00:54:09]} {[%emt 00:00:30]}
O-O {[%clk 00:55:05]} {[%emt 00:00:05]} 6. Be2 {[%clk 00:54:02]} {[%emt
00:00:11]} Nbd7 {[%clk 00:54:55]} {[%emt 00:00:15]} 7. O-O {[%clk 00:53:56]}
{[%emt 00:00:11]} c5 {[%clk 00:54:48]} {[%emt 00:00:13]} 8. d5 {[%clk
00:53:49]} {[%emt 00:00:12]} a6 {[%clk 00:54:11]} {[%emt 00:00:42]} 9. a3
{[%clk 00:53:26]} {[%emt 00:00:27]} Qb6 {[%clk 00:54:09]} {[%emt 00:00:07]} 10.
b3 {[%clk 00:53:11]} {[%emt 00:00:19]} Nh5 {[%clk 00:53:47]} {[%emt 00:00:27]}
11. Be3 {[%clk 00:52:57]} {[%emt 00:00:20]} Bxc3 {[%clk 00:53:48]} {[%emt
00:00:04]} 12. Rb1 {[%clk 00:52:34]} {[%emt 00:00:28]} Qc7 {[%clk 00:53:40]}
{[%emt 00:00:13]} 13. Bh6 {[%clk 00:51:35]} {[%emt 00:01:04]} Bg7 {[%clk
00:53:33]} {[%emt 00:00:12]} 14. Bxg7 {[%clk 00:51:07]} {[%emt 00:00:32]} Nxg7
{[%clk 00:53:31]} {[%emt 00:00:08]} 15. Qd2 {[%clk 00:50:53]} {[%emt 00:00:19]}
Nf6 {[%clk 00:53:25]} {[%emt 00:00:12]} 16. Bd3 {[%clk 00:49:41]} {[%emt
00:01:16]} b5 {[%clk 00:53:25]} {[%emt 00:00:05]} 17. Qh6 {[%clk 00:48:46]}
{[%emt 00:01:00]} Ng4 {[%clk 00:53:19]} {[%emt 00:00:12]} 18. Qh4 {[%clk
00:48:29]} {[%emt 00:00:20]} h6 {[%clk 00:53:13]} {[%emt 00:00:12]} 19. h3
{[%clk 00:45:44]} {[%emt 00:02:49]} g5 {[%clk 00:53:03]} {[%emt 00:00:16]} 20.
Nxg5 {[%clk 00:45:40]} {[%emt 00:00:09]} hxg5 {[%clk 00:53:02]} {[%emt
00:00:06]} 21. Qxg5 {[%clk 00:45:21]} {[%emt 00:00:24]} Ne5 {[%clk 00:53:03]}
{[%emt 00:00:04]} 22. f4 {[%clk 00:43:52]} {[%emt 00:01:34]} Nxd3 {[%clk
00:52:59]} {[%emt 00:00:09]} 23. cxd3 {[%clk 00:43:47]} {[%emt 00:00:10]} f5
{[%clk 00:52:47]} {[%emt 00:00:17]} 24. Rf3 {[%clk 00:42:42]} {[%emt 00:01:10]}
e6 {[%clk 00:52:23]} {[%emt 00:00:30]} 25. Rg3 {[%clk 00:41:55]} {[%emt
00:00:51]} Qf7 {[%clk 00:52:18]} {[%emt 00:00:10]} 26. exf5 {[%clk 00:41:09]}
{[%emt 00:00:51]} exf5 {[%clk 00:52:17]} {[%emt 00:00:06]} 27. Re1 {[%clk
00:40:43]} {[%emt 00:00:31]} Qf6 {[%clk 00:52:19]} {[%emt 00:00:03]} 28. Qxf6
{[%clk 00:39:38]} {[%emt 00:01:10]} Rxf6 {[%clk 00:52:21]} {[%emt 00:00:03]}
29. Re7 {[%clk 00:39:15]} {[%emt 00:00:29]} Rf7 {[%clk 00:52:20]} {[%emt
00:00:05]} 30. Re8+ {[%clk 00:39:06]} {[%emt 00:00:14]} Kh7 {[%clk 00:52:15]}
{[%emt 00:00:10]} 31. Ree3 {[%clk 00:38:48]} {[%emt 00:00:23]} Bb7 {[%clk
00:52:10]} {[%emt 00:00:10]} 32. b4 {[%clk 00:37:56]} {[%emt 00:00:57]} cxb4
{[%clk 00:52:03]} {[%emt 00:00:12]} 33. axb4 {[%clk 00:37:53]} {[%emt
00:00:08]} Bxd5 {[%clk 00:52:05]} {[%emt 00:00:04]} 34. d4 {[%clk 00:37:01]}
{[%emt 00:00:56]} Rg8 {[%clk 00:51:55]} {[%emt 00:00:14]} 35. Ra3 {[%emt
00:01:08]} Ne6 36. Rxg8 {[%clk 00:36:12]} {[%emt 00:00:03]} Kxg8 {[%clk
00:51:49]} {[%emt 00:00:05]} 37. Rxa6 {[%emt 00:00:32]} Rd7 {[%emt 00:00:15]}
38. g3 {[%clk 00:35:44]} {[%emt 00:00:02]} Nxd4 {[%clk 00:51:43]} {[%emt
00:00:05]} 39. g4 {[%clk 00:34:58]} {[%emt 00:00:51]} fxg4 {[%clk 00:51:39]}
{[%emt 00:00:09]} 40. hxg4 {[%clk 00:34:53]} {[%emt 00:00:10]} Nc6 {[%clk
00:51:33]} {[%emt 00:00:11]} 41. f5 {[%clk 00:34:36]} {[%emt 00:00:22]} Rg7
{[%clk 00:50:49]} {[%emt 00:00:49]} 42. f6 {[%clk 00:34:15]} {[%emt 00:00:26]}
Rxg4+ {[%clk 00:50:46]} {[%emt 00:00:08]} 43. Kf2 {[%clk 00:34:01]} {[%emt
00:00:19]} Rf4+ {[%clk 00:50:47]} {[%emt 00:00:04]} 44. Kg3 {[%clk 00:33:44]}
{[%emt 00:00:21]} Rxf6 {[%clk 00:50:48]} {[%emt 00:00:05]} 45. Ra8+ {[%clk
00:33:11]} {[%emt 00:00:38]} Kg7 {[%clk 00:50:47]} {[%emt 00:00:07]} 46. Rc8
{[%clk 00:33:04]} {[%emt 00:00:11]} Rf3+ {[%clk 00:50:45]} {[%emt 00:00:08]}
47. Kh2 {[%clk 00:32:54]} {[%emt 00:00:14]} Rh3+ {[%clk 00:50:44]} {[%emt
00:00:06]} 48. Kg1 {[%clk 00:32:42]} {[%emt 00:00:17]} Nxb4 {[%clk 00:50:29]}
{[%emt 00:00:21]} 49. Rd8 {[%clk 00:32:26]} {[%emt 00:00:20]} Nd3 {[%clk
00:50:28]} {[%emt 00:00:05]} 50. Rd7+ {[%clk 00:31:54]} {[%emt 00:00:38]} Kf8
{[%clk 00:50:29]} {[%emt 00:00:05]} 51. Kf1 {[%clk 00:31:43]} {[%emt 00:00:15]}
Bf3 {[%clk 00:50:15]} {[%emt 00:00:19]} 52. Kg1 {[%clk 00:30:37]} {[%emt
00:01:11]} Rh1# {[%emt 00:00:05]} 0-1

[Event "DVM U10 2023"]
[Site "Magdeburg GER"]
[Date "2023.12.29"]
[Round "7"]
[White "Beier, Martin"]
[Black "Vlad, Mark"]
[Result "1-0"]
[Termination "normal"]
[Board "4.3"]
[WhiteElo "1321"]
[BlackElo "1015"]
[WhiteClock "00:36:46"]
[BlackClock "00:20:57"]
[WhiteTeam "SK Bad Homburg 1927"]
[BlackTeam "SF Heidelberg"]
[PlyCount "95"]
[WhiteFideId "34631879"]
[BlackFideId "34663258"]
[EventCountry "GER"]
[EventRounds "7"]
[EventType "team-swiss"]
[EventDate "2023.12.27"]

1. e4 {[%clk 00:55:07]} {[%emt 00:00:03]} e5 {[%clk 00:55:07]} {[%emt
00:00:03]} 2. Nf3 {[%clk 00:55:08]} {[%emt 00:00:05]} Nc6 {[%clk 00:55:08]}
{[%emt 00:00:04]} 3. Bc4 {[%clk 00:54:45]} {[%emt 00:00:26]} Bc5 {[%clk
00:55:09]} {[%emt 00:00:06]} 4. d4 {[%clk 00:54:07]} {[%emt 00:00:42]} exd4
{[%clk 00:54:42]} {[%emt 00:00:33]} 5. c3 {[%clk 00:54:05]} {[%emt 00:00:07]}
dxc3 {[%emt 00:00:20]} 6. Bxf7+ {[%clk 00:54:03]} {[%emt 00:00:06]} Kf8 {[%clk
00:51:13]} {[%emt 00:03:20]} 7. Nxc3 {[%clk 00:53:03]} {[%emt 00:01:05]} Qe7
{[%clk 00:49:41]} {[%emt 00:01:35]} 8. Bd5 {[%clk 00:52:21]} {[%emt 00:00:48]}
Nf6 {[%clk 00:49:23]} {[%emt 00:00:24]} 9. O-O {[%clk 00:50:27]} {[%emt
00:01:58]} b6 {[%clk 00:48:23]} {[%emt 00:01:06]} 10. Re1 {[%clk 00:49:56]}
{[%emt 00:00:36]} Ng4 {[%clk 00:47:45]} {[%emt 00:00:37]} 11. Re2 {[%clk
00:49:12]} {[%emt 00:00:55]} Ba6 {[%clk 00:47:19]} {[%emt 00:00:30]} 12. Rc2
{[%clk 00:48:45]} {[%emt 00:00:33]} b5 {[%clk 00:44:49]} {[%emt 00:02:35]} 13.
Bg5 {[%clk 00:48:14]} {[%emt 00:00:35]} Nf6 {[%clk 00:43:33]} {[%emt 00:01:15]}
14. Bxc6 {[%clk 00:47:13]} {[%emt 00:01:12]} dxc6 {[%emt 00:00:29]} 15. e5
{[%clk 00:47:11]} {[%emt 00:00:05]} Rd8 {[%clk 00:42:34]} {[%emt 00:00:42]} 16.
Qe1 {[%clk 00:47:02]} {[%emt 00:00:15]} Bd4 {[%clk 00:40:52]} {[%emt 00:01:47]}
17. Nxd4 {[%clk 00:46:34]} {[%emt 00:00:33]} Rxd4 {[%clk 00:40:33]} {[%emt
00:00:23]} 18. exf6 {[%clk 00:46:32]} {[%emt 00:00:07]} Qxe1+ {[%clk 00:39:58]}
{[%emt 00:00:39]} 19. Rxe1 {[%clk 00:46:07]} {[%emt 00:00:31]} gxf6 {[%clk
00:38:46]} {[%emt 00:01:17]} 20. Bxf6 {[%clk 00:45:49]} {[%emt 00:00:24]} Rc4
{[%clk 00:37:44]} {[%emt 00:01:07]} 21. Bxh8 {[%clk 00:45:19]} {[%emt
00:00:35]} b4 {[%clk 00:37:18]} {[%emt 00:00:31]} 22. b3 {[%clk 00:45:21]}
{[%emt 00:00:02]} Rc5 {[%clk 00:36:54]} {[%emt 00:00:30]} 23. Bd4 {[%clk
00:45:17]} {[%emt 00:00:08]} Ra5 {[%clk 00:34:54]} {[%emt 00:02:04]} 24. Na4
{[%clk 00:44:29]} {[%emt 00:00:55]} Bb5 {[%clk 00:34:16]} {[%emt 00:00:43]} 25.
Nc5 {[%clk 00:44:14]} {[%emt 00:00:20]} Ba6 {[%clk 00:30:48]} {[%emt 00:03:33]}
26. Rd2 {[%clk 00:43:59]} {[%emt 00:00:18]} Kf7 {[%clk 00:30:01]} {[%emt
00:00:53]} 27. Re6 {[%clk 00:43:14]} {[%emt 00:00:50]} Rxc5 {[%clk 00:28:09]}
{[%emt 00:01:58]} 28. Rf6+ {[%clk 00:42:56]} {[%emt 00:00:23]} Ke7 {[%clk
00:27:52]} {[%emt 00:00:22]} 29. Bxc5+ {[%clk 00:42:38]} {[%emt 00:00:23]} Kxf6
{[%emt 00:02:11]} 30. Rd7 Ke6 {[%clk 00:26:05]} {[%emt 00:00:05]} 31. Rxh7
{[%clk 00:42:10]} {[%emt 00:00:19]} Kd5 {[%clk 00:25:47]} {[%emt 00:00:23]} 32.
Bxa7 {[%clk 00:42:07]} {[%emt 00:00:08]} Kd6 {[%clk 00:24:56]} {[%emt
00:00:56]} 33. Rf7 {[%clk 00:42:06]} {[%emt 00:00:05]} Bd3 {[%clk 00:24:15]}
{[%emt 00:00:45]} 34. h4 {[%clk 00:41:57]} {[%emt 00:00:15]} Ke5 {[%clk
00:23:56]} {[%emt 00:00:24]} 35. h5 {[%clk 00:41:45]} {[%emt 00:00:17]} Bf5
{[%clk 00:23:18]} {[%emt 00:00:44]} 36. h6 {[%clk 00:41:42]} {[%emt 00:00:07]}
Bg6 {[%clk 00:23:06]} {[%emt 00:00:17]} 37. h7 {[%clk 00:41:27]} {[%emt
00:00:20]} Bxf7 {[%clk 00:22:58]} {[%emt 00:00:13]} 38. h8=Q+ {[%clk 00:41:17]}
{[%emt 00:00:15]} Ke6 {[%clk 00:22:42]} {[%emt 00:00:15]} 39. Bd4 {[%clk
00:41:09]} {[%emt 00:00:19]} Ke7 {[%clk 00:22:19]} {[%emt 00:00:28]} 40. Qf6+
{[%clk 00:38:54]} {[%emt 00:02:20]} Kf8 {[%clk 00:22:15]} {[%emt 00:00:09]} 41.
g4 {[%clk 00:38:04]} {[%emt 00:00:54]} Ke8 {[%clk 00:21:55]} {[%emt 00:00:26]}
42. Bc5 {[%clk 00:37:56]} {[%emt 00:00:11]} Kd7 {[%clk 00:21:38]} {[%emt
00:00:24]} 43. Qxf7+ {[%clk 00:37:46]} {[%emt 00:00:15]} Kc8 {[%clk 00:21:29]}
{[%emt 00:00:14]} 44. g5 {[%emt 00:00:11]} Kb7 {[%emt 00:00:12]} 45. g6 {[%clk
00:37:17]} {[%emt 00:00:12]} Ka6 {[%clk 00:21:23]} {[%emt 00:00:10]} 46. g7
{[%clk 00:37:16]} {[%emt 00:00:06]} Kb5 {[%clk 00:21:22]} {[%emt 00:00:07]} 47.
Qxc7 {[%clk 00:36:46]} {[%emt 00:00:34]} Ka6 {[%clk 00:20:57]} {[%emt
00:00:30]} 48. Qb6# {[%emt 00:00:03]} 1-0

[Event "DVM U10 2023"]
[Site "Magdeburg GER"]
[Date "2023.12.29"]
[Round "7"]
[White "Müller, Theo"]
[Black "Riazi, Dominik"]
[Result "0-1"]
[Termination "normal"]
[Board "4.4"]
[WhiteElo "1019"]
[BlackElo "1162"]
[WhiteClock "00:35:35"]
[BlackClock "00:33:05"]
[WhiteTeam "SF Heidelberg"]
[BlackTeam "SK Bad Homburg 1927"]
[PlyCount "46"]
[EventCountry "GER"]
[EventRounds "7"]
[EventType "team-swiss"]
[EventDate "2023.12.27"]

1. e4 {[%clk 00:55:09]} {[%emt 01:07:31]} e5 {[%clk 00:55:03]} {[%emt
00:00:07]} 2. Nf3 {[%clk 00:55:09]} {[%emt 00:00:05]} Nc6 {[%clk 00:54:55]}
{[%emt 00:00:13]} 3. d3 {[%clk 00:55:07]} {[%emt 00:00:07]} Nf6 {[%clk
00:54:45]} {[%emt 00:00:15]} 4. Be2 {[%clk 00:54:55]} {[%emt 00:00:17]} h6
{[%clk 00:54:33]} {[%emt 00:00:16]} 5. h3 {[%clk 00:54:39]} {[%emt 00:00:20]}
Bc5 {[%clk 00:54:29]} {[%emt 00:00:10]} 6. Nbd2 {[%clk 00:54:20]} {[%emt
00:00:24]} d6 {[%clk 00:54:23]} {[%emt 00:00:11]} 7. a3 {[%clk 00:53:57]}
{[%emt 00:00:28]} Be6 {[%clk 00:54:19]} {[%emt 00:00:10]} 8. b4 {[%clk
00:53:35]} {[%emt 00:00:27]} Bb6 {[%clk 00:54:05]} {[%emt 00:00:19]} 9. Bb2
{[%clk 00:53:08]} {[%emt 00:00:32]} Qd7 {[%clk 00:52:28]} {[%emt 00:01:42]} 10.
Qc1 {[%clk 00:52:00]} {[%emt 00:01:11]} O-O-O {[%clk 00:51:05]} {[%emt
00:01:29]} 11. Qd1 {[%clk 00:51:29]} {[%emt 00:00:35]} g5 {[%clk 00:50:54]}
{[%emt 00:00:17]} 12. c3 {[%clk 00:51:13]} {[%emt 00:00:21]} g4 {[%clk
00:50:33]} {[%emt 00:00:26]} 13. hxg4 {[%clk 00:50:39]} {[%emt 00:00:37]} Nxg4
{[%clk 00:50:32]} {[%emt 00:00:08]} 14. d4 {[%clk 00:49:04]} {[%emt 00:01:41]}
d5 {[%clk 00:49:08]} {[%emt 00:01:27]} 15. exd5 {[%clk 00:47:46]} {[%emt
00:01:24]} Bxd5 {[%clk 00:42:25]} {[%emt 00:06:48]} 16. Nb3 {[%clk 00:43:42]}
{[%emt 00:04:09]} Bxb3 {[%clk 00:41:43]} {[%emt 00:00:47]} 17. Qxb3 {[%clk
00:43:09]} {[%emt 00:00:38]} exd4 {[%clk 00:41:36]} {[%emt 00:00:13]} 18. Nh2
{[%clk 00:42:28]} {[%emt 00:00:45]} Nxh2 {[%clk 00:39:29]} {[%emt 00:02:12]}
19. Rxh2 {[%clk 00:42:13]} {[%emt 00:00:20]} dxc3 {[%clk 00:36:07]} {[%emt
00:03:27]} 20. Bxc3 {[%clk 00:41:45]} {[%emt 00:00:34]} Rhe8 {[%clk 00:34:54]}
{[%emt 00:01:17]} 21. Rd1 {[%clk 00:38:03]} {[%emt 00:03:46]} Qf5 {[%clk
00:33:16]} {[%emt 00:01:44]} 22. Rxd8+ {[%clk 00:37:18]} {[%emt 00:00:50]} Rxd8
{[%clk 00:33:05]} {[%emt 00:00:14]} 23. Rh4 {[%clk 00:35:35]} {[%emt 00:01:51]}
Qxf2# {[%emt 00:00:28]} 0-1

[Event "DVM U10 2023"]
[Site "Magdeburg GER"]
[Date "2023.12.29"]
[Round "7"]
[White "Weiß, Jonas"]
[Black "Wittenberger, Henri"]
[Result "1-0"]
[Termination "normal"]
[Board "5.2"]
[WhiteElo "1167"]
[BlackElo "1066"]
[WhiteClock "00:06:24"]
[BlackClock "00:13:07"]
[WhiteTeam "SF München"]
[BlackTeam "MSA Zugzwang 82"]
[PlyCount "79"]
[WhiteFideId "34637168"]
[BlackFideId "34691510"]
[EventCountry "GER"]
[EventRounds "7"]
[EventType "team-swiss"]
[EventDate "2023.12.27"]

1. e4 {[%clk 00:55:05]} {[%emt 00:04:28]} e5 {[%clk 00:55:10]} {[%emt
00:00:10]} 2. Nf3 {[%clk 00:55:12]} {[%emt 00:00:04]} Nc6 {[%clk 00:55:09]}
{[%emt 00:00:05]} 3. Bc4 {[%clk 00:55:13]} {[%emt 00:00:03]} Bc5 {[%clk
00:55:07]} {[%emt 00:00:08]} 4. c3 {[%clk 00:55:14]} {[%emt 00:00:04]} Nf6
{[%clk 00:55:05]} {[%emt 00:00:07]} 5. d4 {[%clk 00:55:14]} {[%emt 00:00:04]}
exd4 {[%clk 00:55:01]} {[%emt 00:00:10]} 6. cxd4 {[%clk 00:55:08]} {[%emt
00:00:11]} Bb4+ {[%clk 00:55:01]} {[%emt 00:00:05]} 7. Nc3 {[%clk 00:55:07]}
{[%emt 00:00:06]} Nxe4 {[%clk 00:54:57]} {[%emt 00:00:08]} 8. O-O {[%clk
00:55:05]} {[%emt 00:00:08]} Bxc3 {[%clk 00:54:58]} {[%emt 00:00:04]} 9. d5
{[%clk 00:55:00]} {[%emt 00:00:11]} Bf6 {[%clk 00:54:48]} {[%emt 00:00:14]} 10.
Re1 {[%clk 00:54:58]} {[%emt 00:00:07]} Ne7 {[%clk 00:54:31]} {[%emt 00:00:22]}
11. Rxe4 {[%clk 00:54:54]} {[%emt 00:00:09]} d6 {[%clk 00:54:11]} {[%emt
00:00:25]} 12. Bg5 {[%clk 00:54:47]} {[%emt 00:00:12]} Bxg5 {[%clk 00:54:07]}
{[%emt 00:00:09]} 13. Nxg5 {[%clk 00:54:46]} {[%emt 00:00:06]} h6 {[%clk
00:54:00]} {[%emt 00:00:12]} 14. Qe2 {[%clk 00:54:40]} {[%emt 00:00:11]} hxg5
{[%clk 00:52:50]} {[%emt 00:01:16]} 15. Re1 {[%clk 00:54:37]} {[%emt 00:00:07]}
Be6 {[%clk 00:52:12]} {[%emt 00:00:44]} 16. dxe6 {[%clk 00:54:34]} {[%emt
00:00:06]} f6 {[%clk 00:52:06]} {[%emt 00:00:12]} 17. Re3 {[%clk 00:54:02]}
{[%emt 00:00:37]} c6 {[%clk 00:51:41]} {[%emt 00:00:30]} 18. Rb3 {[%clk
00:53:38]} {[%emt 00:00:29]} Qc7 {[%clk 00:50:25]} {[%emt 00:01:20]} 19. Bd3
{[%clk 00:52:31]} {[%emt 00:01:13]} d5 {[%clk 00:46:48]} {[%emt 00:03:43]} 20.
h3 {[%clk 00:51:22]} {[%emt 00:01:13]} c5 {[%clk 00:40:26]} {[%emt 00:06:28]}
21. Qc2 {[%clk 00:48:58]} {[%emt 00:02:28]} Rh6 {[%clk 00:38:22]} {[%emt
00:02:09]} 22. Rc3 {[%clk 00:44:55]} {[%emt 00:04:08]} c4 {[%clk 00:37:55]}
{[%emt 00:00:32]} 23. Bf5 {[%clk 00:39:21]} {[%emt 00:05:39]} g6 {[%clk
00:36:56]} {[%emt 00:01:04]} 24. Bg4 {[%clk 00:37:42]} {[%emt 00:01:43]} f5
{[%clk 00:36:05]} {[%emt 00:00:56]} 25. Bd1 {[%clk 00:37:11]} {[%emt 00:00:37]}
Qa5 {[%clk 00:32:15]} {[%emt 00:03:55]} 26. Rf1 {[%clk 00:33:23]} {[%emt
00:03:52]} g4 {[%clk 00:31:02]} {[%emt 00:01:19]} 27. Qc1 {[%clk 00:32:34]}
{[%emt 00:00:54]} Rh8 {[%clk 00:30:31]} {[%emt 00:00:36]} 28. Ra3 {[%clk
00:29:35]} {[%emt 00:03:04]} Qc7 {[%clk 00:29:25]} {[%emt 00:01:09]} 29. Qc3
{[%clk 00:29:14]} {[%emt 00:00:29]} Rh5 {[%clk 00:28:59]} {[%emt 00:00:28]} 30.
Qg7 {[%clk 00:22:28]} {[%emt 00:06:52]} O-O-O {[%clk 00:26:51]} {[%emt
00:02:14]} 31. Rxa7 {[%clk 00:21:09]} {[%emt 00:01:24]} Kb8 {[%clk 00:26:26]}
{[%emt 00:00:28]} 32. Ra3 {[%clk 00:19:21]} {[%emt 00:01:54]} Rdh8 {[%clk
00:23:11]} {[%emt 00:03:19]} 33. Qd4 {[%clk 00:16:32]} {[%emt 00:02:53]} Nc6
{[%clk 00:21:33]} {[%emt 00:01:46]} 34. Qc5 {[%clk 00:12:20]} {[%emt 00:04:17]}
Rg5 {[%clk 00:19:30]} {[%emt 00:02:06]} 35. g3 {[%clk 00:09:29]} {[%emt
00:02:57]} Rxh3 {[%clk 00:17:45]} {[%emt 00:01:50]} 36. Qf8+ {[%clk 00:07:37]}
{[%emt 00:01:58]} Nd8 {[%clk 00:17:06]} {[%emt 00:00:44]} 37. e7 {[%clk
00:07:13]} {[%emt 00:00:29]} c3 {[%clk 00:13:48]} {[%emt 00:03:24]} 38. Qxd8+
{[%clk 00:06:59]} {[%emt 00:00:18]} Qc8 {[%clk 00:13:21]} {[%emt 00:00:32]} 39.
Qd6+ {[%clk 00:06:39]} {[%emt 00:00:24]} Qc7 {[%clk 00:13:07]} {[%emt
00:00:19]} 40. e8=Q# {[%clk 00:06:24]} {[%emt 00:00:20]} 1-0